[Event "Dortmund op-B"]
[Site "Dortmund"]
[Date "2005.07.15"]
[Round "7"]
[White "Akyildiz, Oezguer"]
[Black "Mittmann, Sebastian"]
[Result "1/2-1/2"]
[WhiteElo "1814"]
[BlackElo "1457"]
[PlyCount "56"]
[EventDate "2005.07.08"]
[EventType "swiss"]
[EventRounds "9"]
[EventCountry "GER"]
[SourceTitle "CBM 107 Extra"]
[Source "ChessBase"]
[SourceDate "2005.09.01"]
[SourceVersion "1"]
[SourceVersionDate "2005.09.01"]
[SourceQuality "1"]

1. d4 d5 2. Nf3 Nf6 3. c4 e6 4. Nc3 c6 5. e3 Nbd7 6. Bd3 Bd6 7. 0-0 0-0 8. a3 a5 9. e4 dxe4 10. Nxe4 Nxe4 11. Bxe4 Nf6 12. Bc2 c5 13. Be3 Qb6 14. Qd3 Re8 15. Ne5 g6 16. Ba4 Rd8 17. Nf3 Bd7 18. Bxd7 Rxd7 19. Qc2 Rad8 20. Ne5 Rc7 21. Rad1 Rcc8 22. Qe2 Qc7 23. Bg5 Be7 24. Qf3 Kg7 25. Qf4 Rxd4 26. Rxd4 cxd4 27. Qxd4 Qc5 28. Rd1 Qxd4 1/2-1/2

[Event "Dortmund op-B"]
[Site "Dortmund"]
[Date "2005.07.12"]
[Round "5"]
[White "Akyildiz, Oezguer"]
[Black "Wiemann, Peter"]
[Result "0-1"]
[WhiteElo "1814"]
[BlackElo "1523"]
[PlyCount "66"]
[EventDate "2005.07.08"]
[EventType "swiss"]
[EventRounds "9"]
[EventCountry "GER"]
[SourceTitle "CBM 107 Extra"]
[Source "ChessBase"]
[SourceDate "2005.09.01"]
[SourceVersion "1"]
[SourceVersionDate "2005.09.01"]
[SourceQuality "1"]

1. d4 Nf6 2. Nf3 d5 3. c4 c5 4. e3 e6 5. Bd3 Nbd7 6. 0-0 Bd6 7. Nc3 Nb6 8. b3 Bd7 9. Ba3 cxd4 10. Bxd6 dxc3 11. Bb4 dxc4 12. bxc4 Rc8 13. Ne5 Ba4 14. Qe2 Nfd7 15. Nxd7 Nxd7 16. Bxc3 0-0 17. Rac1 Qg5 18. f4 Qe7 19. Qh5 h6 20. Rf3 Qa3 21. Rff1 f5 22. g4 Nf6 23. Qg6 Be8 24. Qxg7+ Kxg7 25. g5 Kf7 26. gxf6 Rg8+ 27. Kf2 Bc6 28. Be2 Rg2+ 29. Ke1 Rxh2 30. Rc2 Rg8 31. Bd4 Qb4+ 32. Kd1 Ba4 33. Bd3 Qb1# 0-1

[Event "Dortmund op-B"]
[Site "Dortmund"]
[Date "2005.07.11"]
[Round "4"]
[White "Hellmann, Thomas"]
[Black "Akyildiz, Oezguer"]
[Result "1-0"]
[WhiteElo "1633"]
[BlackElo "1814"]
[PlyCount "108"]
[EventDate "2005.07.08"]
[EventType "swiss"]
[EventRounds "9"]
[EventCountry "GER"]
[SourceTitle "CBM 107 Extra"]
[Source "ChessBase"]
[SourceDate "2005.09.01"]
[SourceVersion "1"]
[SourceVersionDate "2005.09.01"]
[SourceQuality "1"]

1. e4 c5 2. Nf3 d6 3. Bb5+ Bd7 4. Bxd7+ Nxd7 5. b3 Ngf6 6. Qe2 e6 7. Bb2 Be7 8. 0-0 0-0 9. c4 a6 10. Nc3 Qc7 11. d4 cxd4 12. Nxd4 Qc5 13. Rfd1 Qg5 14. Bc1 Qh4 15. Rd3 Qg4 16. Ba3 Nc5 17. Qxg4 Nxg4 18. Bxc5 dxc5 19. Nf3 Bf6 20. Rad1 Ne5 21. Nxe5 Bxe5 22. g3 Rac8 23. f4 Bxc3 24. Rxc3 Rc7 25. a4 Rfc8 26. Kf2 Kf8 27. Ke3 Ke7 28. Rcd3 Rb8 29. Rd6 Ra8 30. a5 h5 31. f5 Rh8 32. Kf4 Rh6 33. e5 Rh8 34. R1d2 exf5 35. Kxf5 g6+ 36. Kg5 Rh7 37. Rd8 Ke6 38. Re8+ Re7 39. Rd6+ Kxe5 40. Rxe7+ Kxd6 41. Kf6 g5 42. Rxb7 h4 43. g4 h3 44. Rb6+ Kc7 45. Kxg5 f6+ 46. Rxf6 Rd7 47. Rf3 Rg7+ 48. Kh5 Kd6 49. g5 Ke5 50. g6 Ke4 51. Rf7 Rg8 52. g7 Rb8 53. Rf8 Rxb3 54. g8Q Rg3 1-0